| 000 | 00894nam a22002057a 4500 | ||
|---|---|---|---|
| 003 | BUBTL | ||
| 008 | 211201b ||||| |||| 00| 0 eng d | ||
| 020 | _a9789845060523 | ||
| 082 | _a891.443/ El42c/ 1986 | ||
| 100 |
_94432 _aইলিয়াস, আখতারুজ্জামান |
||
| 245 |
_aচিলেকোঠার সেপাই / _cআখতারুজ্জামান ইলিয়াস |
||
| 250 | _a1st Edn. | ||
| 260 |
_aঢাকা: _bইউনিভার্সিটি প্রেস লিমিটেড, _cc1986 |
||
| 300 |
_a304 p.: _c22 cm. |
||
| 505 | _aচিলেকোঠার সেপাই, আখতারুজ্জামান ইলিয়াস, বাংলা সাহিত্য | ||
| 650 | 0 |
_91687 _aবাংলা সাহিত্য |
|
| 856 |
_k0 _l0 _yDownload |
||
| 942 |
_2ddc _cBK |
||
| 999 |
_c6589 _d6589 |
||